000 00436cam a22001575a 4500
001 J100819
008 000000s1921 xxk 000 0 eng u
035 _a(Sirsi) u100819
110 _aAuctioneers' and Estate Agents' Institute of the United Kingdom
_93789
245 _aLibrary catalogue, second edition, 1921.
260 _c1921
300 _a89p.
651 4 _aUnited Kingdom
_y
690 _aBusiness and management
942 _n0
999 _c99854
_d99854